| 000 | 00788nam a2200265 4500 | ||
|---|---|---|---|
| 001 | 1979 | ||
| 010 | _a9789895761678 | ||
| 021 |
_aPT _b543484/25 |
||
| 090 | _a1979 | ||
| 100 | _a20251119d2025 m||y0pory50030103ba | ||
| 101 | _apor | ||
| 102 | _aPT | ||
| 200 |
_aA literatura, o bem que paga! _fAntoine Compagnon _gtrad. Sara Sousa Gomes |
||
| 205 | _a1ª edição | ||
| 210 |
_aLisboa _cGuerra e Paz _d2025 |
||
| 215 |
_a159 p. _d23 cm |
||
| 225 | _aOs livros não se rendem | ||
| 300 | _aBMB-Registado | ||
| 304 | _aTít. orig.: La littérature, —ca paye | ||
| 606 |
_92853 _aCritica a literaturas de línguas individuais |
||
| 675 |
_a821.1/.8.09 _vBMB _zpor |
||
| 700 |
_aCompagnon _bAntoine _f1950- _92854 |
||
| 702 |
_aGomes _bSara Sousa _4730 _92818 |
||
| 801 |
_aPT _bBMB _gRPC |
||
| 990 | _cLIVROS | ||